| 000 | 01094nam a22002297a 4500 | ||
|---|---|---|---|
| 005 | 20100610100954.0 | ||
| 008 | 100610t xxu||||| |||| 00| 0 hin d | ||
| 010 | _aHIN-89528 | ||
| 020 |
_c600.00 _a8121400791 |
||
| 035 | _aHN-61874 | ||
| 037 | _bDBAD / PUB | ||
| 040 |
_aDPL _bHN |
||
| 082 | _a294.5922 | ||
| 100 |
_aशर्मा, शीला _922698 |
||
| 245 |
_aश्रीरामचरितमानस में उपनिषद् प्रभाव / _cशीला शर्मा |
||
| 246 |
_aShreeramcharitmanas main upanishad prabhav/ _bby Sheela Sharna |
||
| 260 |
_aनई दिल्ली _bनेशनल पब्लिशिंग हाउस _c2008 |
||
| 270 |
_a2/35 अंसारी रोड, दरियागंज _bनई दिल्ली _e110002 |
||
| 300 |
_a368पृ _c22सेमी (सजिल्द) |
||
| 942 |
_2ddc _cHN _mशर्माशी _h294.5922 |
||
| 999 |
_c36660 _d36660 |
||